1994 1813 1954 1432 1223 1020 1673 1828 1875 1594 1630 1640 1352 1872 1965 1682 1177 1967 1043 1160 1464 1881 1791 1259 1370 1852 1995 1474 1549 1980 1849 1472 1156 1155 1837 1466 1497 1438 1053 1954 1549 1425 1297 1892 1244 1360 1533 1118 1271 1888 1590 1408 1700 1375 1543 1177 1133 1637 1501 1277 1399 1838 1470 1620 1229 1849 1862 1907 1103 1315 1610 1738 1095 1173 1902 1340 1087 1232 1133 1298 1360 1181 1404 1784 1370 1152 1592 1723 1265 1282 1347 1468 1801 1992 1552 1296 1437 1135 1566 BCNSPRNW ULIB Ver.6.0+V

เปลี่ยนเป็นภาษาไทย

Change to English
 แสดงรายละเอียดบรรณานุกรม
  กลับหน้าหลัก

Brief Record : Get Marc (ISO 2709) : E-mail record : QR code < ปิดหน้าต่าง
LEADER : 00000nam 2200000uu 4500
001    13399112483
003     ULIB
008    110818s2551||||th 000 0 tha d
020    9789741110162
050  4 HQ56^bก728ม 2551
100 0  กุลภา วจนสาระ
245 10 มี เรื่อง เพศแบบไหนในห้องสมุดและข่าว :^bหนังสือเอกสารวิชาการ ข่าว และบทความในฐานข้อมูลสุขภาวะทางเพศ /^cกุลภา วจนสาระ
250    พิมพ์ครั้งที่ 1
260    กรุงเทพฯ :^bมูลนิธิสร้างความเข้าใจเรื่องสุขภาพผู้หญิง(สคส.), ^c2551
300    98 หน้า :^bภาพประกอบ ;^c21 ซม.
440  0 รายงานในชุดโครงการวิจัย=การสร้างและจัดการความรู้ด้านเพศวิถี เพศภาวะ และสุขภาพทางเพศ
650  4 เพศศึกษา
650  4 เพศ^xรวมเรื่อง
650  4 เพศภาวะและเพศวิถี
650  4 อนามัยเจริญพันธุ์
650  4 พฤติกรรมทางเพศ
650  4 สุขภาวะทางเพศ
710 2  มหาวิทยาลัยมหิดล. สถาบันวิจัยประชากรและสังคม
710 2  มูลนิธิสร้างความเข้าใจเรื่องสุขภาพผู้หญิง (สคส.)
945    ^p160^l0^i024338
999 ^a ทศพร
รายการนี้ยังไม่มีแท็ก
คุณยังไม่ได้ล็อกอิน คุณสามารถมีกิจกรรมร่วมกับเว็บไซต์ได้ แต่ต้องล็อกอินก่อน ::
  ล็อกอิน

รายการสื่อสารสนเทศ

ลำดับที่ ประเภท เลขเรียก/บาร์โค้ด สถานที่ สถานะ
- ไม่พบข้อมูล -

รายการใกล้เคียง
    ผู้แต่ง [กุลภา วจนสาระ]

    หัวเรื่อง [เพศศึกษา]
    หัวเรื่อง [เพศภาวะและเพศวิถี]
    หัวเรื่อง [อนามัยเจริญพันธุ์]
    หัวเรื่อง [พฤติกรรมทางเพศ]

BibComment


ยังไม่เคยถูกคอมเมนท์

คอมเมนท์ทรัพยากรรายการนี้
  คอมเมนท์: มี เรื่อง เพศแบบไ..


 Copyright 2026. Bcnsprnw @Library